LLWS Teams Home Runs - Statistics

General Stats
  • This quiz has been taken 7 times
    5 since last reset
  • The average score is 7 of 16
Answer Stats
Hint Answer % Correct
0 Australia
80%
0 Italy
60%
11 Texas
60%
1 California
40%
5 Canada
40%
6 Connecticut
40%
1 Dominican Republic
40%
6 Japan
40%
7 Mexico
40%
4 Michigan
40%
7 New Jersey
40%
5 North Carolina
40%
2 South Dakota
40%
4 South Korea
40%
1 Washington
40%
1 Venezuela
20%
No matching quizzes found
Score Distribution
Percent of People with Each Score
Percentile by Number Answered
Your Score History
You have not taken this quiz since the last reset